00630nam a2200217Ia 4500003000400000005001700004008004100021020001900062040000700081041000800088082001600096100002600112245003100138260002000169300000900189650002200198700002500220942001300245999001900258952013500277OSt20251115111743.0250729s2005 xx 000 0 und d a978-8122507324 cAL aeng a301.07 BHUI aBhushan Vidya9224407 a Introduction to sociology aAllahabadc2005 a936p aSociology9224408 aSachdeva D C9224409 2ddccBED c236391d236391 00104070aALbALd2025-07-29eSchool Book Companyg230.00l0o301.07 BHUIpBED01710r2025-07-29 16:54:47v230.00w2025-07-29yBK